000
00270nam a22001217a 4500
999
_c
163148
_d
163148
082
_a
_b
100
_a
Bhargava M L
245
_a
Indian ocean strategies/
_c
by Bhargava M L.
260
_a
New Delhi:
_b
Reliance,
_c
1990.
300
_a
350p.
650
_a
942
_c
BK